Problematika vody v zóne aerácie pôdy s ohľadom na integrovaný manažment povodí, súčasnú legislatívu a smernicu EÚ

Bibliographic Details
Main Authors: Šútor, Július, 1935-2016 (Author), Rehák, Štefan, 1955- (Author)
Format: Article
Language:Slovak
PhysicalDescription:Graf, sch., tab., mp.
ISSN:1335-6291
Subjects:

MARC

LEADER 00000nab a2200000 a 4500
001 vtls010071765
003 SK-MaSNL
005 20260304233840.0
008 250507c2009 xo |||||||||||000 b|slo
015 |a SNBRB2010/03  |2 snkbucl 
035 |a (uuid)ee3b7c74-f57b-4556-bdee-99e1a5f1e9ed 
035 |a urn:nbn:sk:snk-ab15r0 
035 |a (urnnbn)urn:nbn:sk:snk:ar-a06o26 
038 |a SNKBUCL 
040 |a SNKBUCL  |b slo  |c SNKBUCL  |e AACR2 
041 0 |a slo  |b eng 
044 |a xo  |c SK 
080 |a 556.322  |2 2001 
080 |a 556.51  |2 2001 
080 |a 556.142  |2 2001 
080 |a 631.432  |2 2001 
100 1 |a Šútor, Július,  |d 1935-2016  |4 aut  |9 180093 
245 1 0 |a Problematika vody v zóne aerácie pôdy s ohľadom na integrovaný manažment povodí, súčasnú legislatívu a smernicu EÚ  |c Július Šútor, Štefan Rehák 
300 |b Graf, sch., tab., mp. 
504 |a Bibliogr. odkazy 
546 |a Res. angl. 
650 0 7 |a pôdna voda  |2 snkbucl  |9 486839 
650 0 7 |a zóna aerácie pôdy  |2 snkbucl  |9 743636 
650 0 7 |a vodné zásoby  |2 snkbucl  |9 482260 
650 0 7 |a povodia  |2 snkbucl  |9 3749 
650 0 7 |a manažment povodí  |2 snkbucl  |9 79774 
650 0 7 |a legislatíva  |2 snkbucl  |9 121217 
700 1 |a Rehák, Štefan,  |d 1955-  |4 aut  |9 216300 
773 0 |t Acta hydrologica slovaca  |g Roč. 10, č. 1 (2009), s. 94-108  |x 1335-6291 
850 |a Slovenská národná knižnica 
852 |a Slovenská národná knižnica 
954 |a odborná, vedecká literatúra pôvodná (slovenská)  |2 lita 
958 |a article27 
958 |a NB 
958 |a OND 
958 |a EUIPO 
999 |c 3200433  |d 3202363